Coconut breeding
Đã lưu trong:
| Formáid: | Leabhar |
|---|---|
| Teanga: | Undetermined |
| Foilsithe: |
Malaysia
IPGRI
1998
|
| Ábhair: | |
| Clibeanna: |
Cuir Clib Leis
Gan Chlibeanna, Bí ar an gcéad duine leis an taifead seo a chlibeáil!
|
| Thư viện lưu trữ: | Trung tâm Học liệu Trường Đại học Cần Thơ |
|---|
| LEADER | 00404nam a2200157Ia 4500 | ||
|---|---|---|---|
| 001 | CTU_38954 | ||
| 008 | 210402s9999 xx 000 0 und d | ||
| 082 | |a 634.613 | ||
| 082 | |b C659 | ||
| 245 | 0 | |a Coconut breeding | |
| 260 | |a Malaysia | ||
| 260 | |b IPGRI | ||
| 260 | |c 1998 | ||
| 650 | |a coconut,coconut - breeding | ||
| 904 | |i Liên, 000519 | ||
| 980 | |a Trung tâm Học liệu Trường Đại học Cần Thơ | ||